000 00638cam a22002051 4500
001 ne 65002563
003 DLC
005 20260227111819.0
008 820702s1965 le 000 0 arar
010 _ane 65002563
035 _a(OCoLC)8570083
040 _aDLC
_cTU
_dTU
_dDLC
050 0 0 _aHX550.I8
_bD3 1965
100 1 _aDawālībī, Muḥammad Maʻrūf,
_d1907-
245 1 3 _aal-Islām amāma al-raʼs-mālīyah wa-al-Marksīyah
_c[taʼlīf] Muḥammad Maʻrūf al-Dawālībī.
250 _aal-Ṭabʻah 3.
260 _a[Bayrūt]
_bDār al-Kitāb al-Jadīd
_c[1965]
300 _a29 p.
_c20 cm.
650 0 _aSocialism and Islam.
999 _c48569
_d48569